Memorandum upon the War Damage Act, 1941 (Record no. 105138)

MARC details
000 -LEADER
fixed length control field 00717cam a2200205 4500
001 - CONTROL NUMBER
control field ##L132437
008 - FIXED-LENGTH DATA ELEMENTS--GENERAL INFORMATION
fixed length control field 060208n1941 000 0 eng u
035 ## - SYSTEM CONTROL NUMBER
System control number (Sirsi) u132437
041 0# - LANGUAGE CODE
Language code of text/sound track or separate title eng
050 04 - LIBRARY OF CONGRESS CALL NUMBER
Classification number 348.02 $2 2
100 1# - MAIN ENTRY--PERSONAL NAME
Personal name Bidder, H. F.
245 00 - TITLE STATEMENT
Title Memorandum upon the War Damage Act, 1941
260 ## - PUBLICATION, DISTRIBUTION, ETC.
Place of publication, distribution, etc. London
Name of publisher, distributor, etc. Chartered Surveyors' Institution
Date of publication, distribution, etc. 1941
300 ## - PHYSICAL DESCRIPTION
Extent 196p.
Dimensions 21cm.
350 ## - PRICE (NR) (BK AM CF MU VM SE) [OBSOLETE]
Price 5s.
520 ## - SUMMARY, ETC.
Summary, etc. Aims to deconstruct the principle provisions of parts I, II and IV of the War Damage Act, 1941 with the use of reference notes.
690 ## - LOCAL SUBJECT ADDED ENTRY--TOPICAL TERM (OCLC, RLIN)
Topical term or geographic name as entry element ABOUT RICS-RICS STRUCTURE AND GOVERNANCE-RICS ROYAL CHARTER AND BYE-LAWS
710 2# - ADDED ENTRY--CORPORATE NAME
Corporate name or jurisdiction name as entry element Chartered Surveyors' Institution
9 (RLIN) 2274
942 ## - ADDED ENTRY ELEMENTS (KOHA)
Suppress in OPAC 0
Holdings
Withdrawn status Lost status Source of classification or shelving scheme Damaged status Not for loan Home library Current library Shelving location Date acquired Total Checkouts Full call number Barcode Date last seen Copy number Price effective from Koha item type
    Dewey Decimal Classification     London London RICS Boxes 08/02/2006   ISVA/6 30071623 06/08/2019 1 06/08/2019 Reference material